| 000 | 01355nam a2200325Ia 4500 | ||
|---|---|---|---|
| 001 | ebr10685283 | ||
| 003 | CaPaEBR | ||
| 006 | m u | ||
| 007 | cr cn||||||||| | ||
| 008 | 070612s2013 bccab sb 001 0 eng d | ||
| 020 | _z9780774824163 | ||
| 020 | _z9780774824187 | ||
| 040 |
_aCaPaEBR _cCaPaEBR |
||
| 035 | _a(OCoLC)846993778 | ||
| 050 | 1 | 4 |
_aHC120.E5 _bD47 2013eb |
| 100 | 1 |
_aDesbiens, Caroline, _d1969- |
|
| 245 | 1 | 0 |
_aPower from the north _h[electronic resource] : _bthe poetics and politics of energy in Quebec / _cCaroline Desbiens; foreword by Graeme Wynn. |
| 260 |
_aVancouver : _bUBC Press, _c2013. |
||
| 300 |
_axxiii, 281 p. : _bill., map. |
||
| 504 | _aIncludes bibliographical references and index. | ||
| 533 |
_aElectronic reproduction. _bPalo Alto, Calif. : _cebrary, _d2013. _nAvailable via World Wide Web. _nAccess may be limited to ebrary affiliated libraries. |
||
| 650 | 0 |
_aEnvironmental policy _zQuebec (Province) _xHistory. |
|
| 650 | 0 |
_aNatural resources _zQuebec (Province) |
|
| 651 | 0 |
_aQuebec (Province) _xHistory. |
|
| 651 | 0 |
_aQuebec (Province) _xCivilization. |
|
| 651 | 0 |
_aJames Bay (Nunavut) _xHistory. |
|
| 655 | 7 |
_aElectronic books. _2local |
|
| 710 | 2 | _aebrary, Inc. | |
| 856 | 4 | 0 |
_uhttp://site.ebrary.com/lib/rucke/Doc?id=10685283 _zAn electronic book accessible through the World Wide Web; click to view |
| 999 |
_c12955 _d12955 |
||